000 00928nam a22002777a 4500
001 BR2023001097
003 BR-BrBNA
005 20230924140327.0
008 230924b bl.||||| |||| 00| 0 por d
040 _aBR-BrBNA
_bpor
041 _apor
072 _aD50 ; E70 ; Q80
090 _aD50
_bBR2023001097
100 _aCarvalho, Antônio Moacyr de (ed.)
100 _aFinger, Osmarina Rodrigues (ed.)
110 1 _96730
_aMinistério da Agricultura e do Abastecimento, Brasília, DF (Brasil). Secretaria de Defesa Agropecuária
245 _aRegulamento técnico para rotulagem de alimentos embalados
_bSérie regulamentação técnica de identidade e qualidade de produtos de origem animal; n. 5
260 _aBrasília, DF (Brasil)
_c1997
300 _a18 p.
_c29 cm
500 _a1 table
650 _aLEGISLAÇÃO
650 _aEMBALAGEM
650 _aROTULAGEM
909 _a202309
_bFernando
942 _cBK
999 _c10046
_d10046